000 00714nam a2200241Ia 4500
003 OSt
005 20220918205948.0
006 a|||||r|||| 00| 0
007 ta
008 220917b |||||||| |||| 00| 0 eng d
024 _a118,551
037 _cTextual
040 _aARTS
_cARTS
_beng
041 _2eng
_aeng
082 _aV73:1:N1, K41
100 _aWeyl Walter E
_9116679
245 0 _aNew demorcracy
_b an essay on certain political and economic tendencies in the United States
260 _c1964
490 _aAmerican perspectives ed by Bernard Wishy and William E Leuchtenburg
650 _aHISTORY
942 _hV73:1:N1, K41
_cTEXL
_2CC
999 _c241820
_d241820